Claves de la Sociología / (Record no. 89288)

MARC details
000 -LEADER
campo de control de longitud fija 00595nam a2200193 i 4500
001 - NÚMERO DE CONTROL
campo de control 89288
003 - IDENTIFICADOR DE NÚMERO DE CONTROL
campo de control ES-MaACL
005 - FECHA Y HORA DE LA ÚLTIMA TRANSACCIÓN
campo de control 20230906180134.0
007 - CAMPO FIJO DE DESCRIPCIÓN FÍSICA--INFORMACIÓN GENERAL
campo de control de longitud fija t|
008 - DATOS DE LONGITUD FIJA--INFORMACIÓN GENERAL
campo de control de longitud fija 050105s1973 sp ||||1| spa d
100 1# - ENTRADA PRINCIPAL--NOMBRE DE PERSONA
Nombre de persona Lapassade, Georges.
9 (RLIN) 70137
245 10 - MENCIÓN DEL TÍTULO
Título Claves de la Sociología /
Mención de responsabilidad, etc. Georges Lapassade, René Lourau ; [traducción de José Luis Cano].
260 ## - PUBLICACIÓN, DISTRIBUCIÓN, ETC.
Lugar de publicación, distribución, etc. Barcelona :
Nombre del editor, distribuidor, etc. Laia,
Fecha de publicación, distribución, etc. 1973.
300 ## - DESCRIPCIÓN FÍSICA
Extensión 279 p. ;
Dimensiones 19 cm.
700 1# - ENTRADA AGREGADA--NOMBRE PERSONAL
Nombre de persona Cano, José Luis,
Fechas asociadas al nombre 1912-1999
9 (RLIN) 34532
700 1# - ENTRADA AGREGADA--NOMBRE PERSONAL
Nombre de persona Lourau, René.
9 (RLIN) 74324
852 ## - LOCALIZACIÓN
Ubicación ES-MaACL
Número de control de estantería C-55341
Sublocalización o colección R.88033
Holdings
Estatus retirado Estado de pérdida Estado de daño No para préstamo Biblioteca de origen Biblioteca actual Ubicación en estantería Fecha de adquisición Fuente de adquisición Total de préstamos Signatura topográfica completa Código de barras Visto por última vez Precio de reemplazo Tipo de ítem Koha
        Biblioteca del Ateneo de Madrid Biblioteca del Ateneo de Madrid Depósito 2 17/01/2008     C-55341 1093251 23/02/2023 23/02/2023 Libro impreso